|
|
|
|
| LEADER |
02465nam a2200577 a 4500 |
| 001 |
nkc20102039825 |
| 003 |
CZ PrNK |
| 005 |
20140821144807.0 |
| 007 |
ta |
| 008 |
100217s2009 xr a f 001 0 cze |
| 015 |
|
|
|a cnb002039825
|
| 020 |
|
|
|a 978-80-7431-009-6
|q (brož.)
|
| 035 |
|
|
|a (OCoLC)614284273
|
| 040 |
|
|
|a BOA001
|b cze
|d ABA001
|
| 041 |
0 |
|
|a cze
|b eng
|
| 043 |
|
|
|a e-xr---
|
| 072 |
|
7 |
|a 316.4/.7
|x Sociální interakce. Sociální komunikace
|2 Konspekt
|9 18
|
| 080 |
|
|
|a 316.773.3/.4
|2 MRF
|
| 080 |
|
|
|a 316.774
|2 MRF
|
| 080 |
|
|
|a 316.774:316.776.33
|2 MRF
|
| 080 |
|
|
|a 316.65
|2 MRF
|
| 080 |
|
|
|a (437.3)
|2 MRF
|
| 080 |
|
|
|a (048.8:082)
|2 MRF
|
| 245 |
0 |
0 |
|a Veřejná a mediální agenda: komparativní analýza tematizace veřejné sféry /
|c Markéta Škodová, Vlastimil Nečas (eds.) ; [autorský kolektiv Jan Červenka ... et al.]
|
| 246 |
1 |
8 |
|a Veřejná a mediální agenda
|
| 250 |
|
|
|a 1. vyd.
|
| 260 |
|
|
|a Praha :
|b Professional Publishing,
|c 2009
|
| 300 |
|
|
|a 148 s. :
|b il. ;
|c 24 cm
|
| 500 |
|
|
|a "Pub. vznikla v rámci projektu "Veřejná a mediální agenda: komparativní analýza tematizace veřejné sféry" GA AV ČR (reg. číslo IAA700280702)"--Rub. tit. s.
|
| 504 |
|
|
|a Obsahuje bibliografii, bibliografické odkazy a rejstřík
|
| 546 |
|
|
|a Anglické resumé
|
| 650 |
0 |
7 |
|a nastolování agendy
|7 ph568756
|z Česko
|2 czenas
|
| 650 |
0 |
7 |
|a masmédia
|7 ph115233
|z Česko
|2 czenas
|
| 650 |
0 |
7 |
|a vliv médií
|7 ph489477
|z Česko
|2 czenas
|
| 650 |
0 |
7 |
|a veřejné mínění
|7 ph116571
|z Česko
|2 czenas
|
| 650 |
0 |
9 |
|a agenda-setting
|z Czechia
|2 eczenas
|
| 650 |
0 |
9 |
|a mass media
|z Czechia
|2 eczenas
|
| 650 |
0 |
9 |
|a media influence
|z Czechia
|2 eczenas
|
| 650 |
0 |
9 |
|a public opinion
|z Czechia
|2 eczenas
|
| 655 |
|
7 |
|a kolektivní monografie
|7 fd501537
|2 czenas
|
| 655 |
|
9 |
|a collective monographs
|2 eczenas
|
| 700 |
1 |
|
|a Škodová, Markéta,
|d 1975-
|7 xx0012757
|4 aut
|4 edt
|
| 700 |
1 |
|
|a Nečas, Vlastimil,
|d 1980-
|7 jo2009330723
|4 aut
|4 edt
|
| 700 |
1 |
|
|a Červenka, Jan,
|d 1973-
|7 xx0016617
|4 aut
|
| 856 |
4 |
1 |
|u http://www.digitalniknihovna.cz/mzk/uuid/uuid:0cd60660-3974-11e4-8f64-005056827e52
|y Digitalizovaný dokument
|x NDK
|
| 910 |
2 |
|
|a BOA001
|b 2-1239.365
|
| 990 |
|
|
|a BK
|
| 995 |
|
|
|a 01
|
| 991 |
|
|
|b 201004
|c NOV
|
| 996 |
6 |
|
|b 2610424065
|c 2-1239.365
|l MZK
|r Sklad / do 1 hodiny
|n 6
|p p.v.
|w 001114147
|u 000010
|a 1
|e BOA001
|j MZK50
|s P
|
| 996 |
7 |
|
|b 2610432969
|c 2-1239.365
|l MZK
|r Sklad / do 1 hodiny
|n 19
|p p.v.
|w 001114147
|u 000020
|a 1
|e BOA001
|j MZK50
|s A
|